000
00305nam a22001337a 4500
008
170529b xxu||||| |||| 00| 0 eng d
020
_a
9780256114188
041
_a
eng
080
_a
62
100
_a
27
101
_a
IM
245
_a
ENGINEERING GRAPHICS COMMUNICATION
_c
BERTOLINE,G.R
942
_2
udc
_c
BK
999
_c
14831
_d
14831